| 000 | 00696nam a2200241Ia 4500 | ||
|---|---|---|---|
| 005 | 20250508170028.0 | ||
| 008 | 008 250505s9999 xx 000 0 eng d | ||
| 020 | _a978-81-934461-1-9 | ||
| 037 | _aTextual | ||
| 040 |
_aFEDL _beng _cFEDL |
||
| 041 |
_aeng _2eng |
||
| 084 |
_a370.19, GHO _qFEDL |
||
| 100 |
_aGhose Sunanda _9403292 |
||
| 245 | 0 | _aEducation in emerging Indian society: The challenges and issues | |
| 250 | _a2 | ||
| 260 |
_aDelhi, India _bPHI Leaning Private Ltd. _c2016 |
||
| 300 | _axvii, 231p. | ||
| 365 |
_aINR _b295 |
||
| 546 | _aGifted by the author | ||
| 700 |
_a Mohan Radha _9782781 |
||
| 942 |
_cTEXL _h370.19, GHO |
||
| 999 |
_c1398760 _d1398760 |
||